000 01106cam a2200325 a 4500
001 2580019
003 OSt
005 20210922151437.0
008 960619s1997 nyua b 001 0 eng
010 _a 96028311
020 _a9780070700352
038 _akhadija
040 _aDLC
_cDLC
_dDLC
050 0 0 _aQC254.2
_b.Z45 2013.
082 0 0 _a536
_220
_bZEM
100 1 _aZemansky, Mark Waldo,
_d1900-
_982612
245 1 0 _aHeat and thermodynamics /
_cMark W. Zemansky, Richard H. Dittman.
250 _a8th ed.
260 _aNew York :
_bMcGraw-Hill,
_cc2013..
300 _axx, 487 p. :
_bill. ;
_c25 cm.
504 _aIncludes bibliographical references (p. 471-472) and index.
563 _aPB
650 0 _aHeat.
_939745
650 0 _aThermodynamics.
_97134
700 1 _aDittman, Richard.
_940015
856 4 2 _3Publisher description
_uhttp://www.loc.gov/catdir/description/mh022/96028311.html
906 _a7
_bcbc
_corignew
_d1
_eocip
_f19
_gy-gencatlg
942 _2ddc
_cBK
999 _c33333
_d33333